| 000 | 00479nam a2200121Ia 4500 | ||
|---|---|---|---|
| 008 | 170221s9999 xx 000 0 und d | ||
| 100 | _aDickinson, J. Barry. | ||
| 245 | 2 | _aA conceptual model of reference price formation for consumer services | |
| 245 | _cJ. Barry Dickinson, Holy Family University; Carleen D. Dickinson, Rowan University. | ||
| 260 | _bJournal of Management and Marketing Research | ||
| 650 | _xBusiness | ||
| 856 | _uhttp://www.aabri.com/manuscripts/121227.pdf | ||
| 999 |
_c307366 _d307366 |
||